Dárzkopíbas enciklopédija

Podrobná bibliografia
Hlavný autor: Brickell, Christopher (Autor)
Ďalší autori: Auzenbaha, D. (Prekladateľ)
Médium: Kniha
Jazyk:lotyština
Fyzický popis:648 s. fareb. fotogr., ilustr. 30 cm
Vydavateľské údaje: Riga Zvaigzne ABC [2002]
ISBN:9984224597
Predmet:

MARC

LEADER 00000nam a2200000 a 4500
001 vtls001446477
003 SK-MaSNL
005 20260301203029.0
008 240315sm y0 LV a r lav
020 |a 9984224597 
035 |a SNK000401726 
035 |a urn:nbn:sk:snk-am3hpgv 
035 |a 4F0A705D-A46B-4FA7-BFF9-9C613C6442F3 
035 |a urn:nbn:sk:snk-am00ctwz 
040 |a SNK  |b slo  |c SNK  |e AACR2 
041 0 |a lav 
044 |a LV 
072 7 |a 635  |2 konspekt 
072 7 |a 030  |x Všeobecné príručkové diela  |2 konspekt 
080 |a 634/635  |2 1981 
080 |a (031)  |2 1981 
100 1 |a Brickell, Christopher  |4 aut  |9 299723 
240 1 0 |a RHS Encyclopedia of gardening  |l Lotyšsky 
245 1 |a Dárzkopíbas enciklopédija  |c galvenais redaktors Kristofers Brikels ; [no anglu valodas tulkojuši: D. Auzenbaha, ... [et al.]] 
260 |a Riga  |b Zvaigzne ABC  |c [2002]  |e Martin  |f Neografia 
300 |a 648 s.  |b fareb. fotogr., ilustr.  |c 30 cm 
500 |a A Dorling kindersley book 
650 0 7 |a záhradkárstvo  |2 SNK  |9 2728 
655 7 |a encyklopédie  |2 SNK  |9 28776 
700 1 |a Auzenbaha, D.  |4 trl  |9 585939 
919 |a 9984-22-459-7 
958 |a OND 
999 |c 901092  |d 903022 
952 |a SNK  |b SNK  |y PREZ  |7 0  |p 17A0367825  |o snkSB 66053  |i snkKSP 15132/2002  |0 0  |1 0  |4 0  |d 2002-12-16  |f 1  |l 0  |r 2025-04-17 00:00:00  |w 2026-02-24